Statystyki dla Kraje które mają 1 sąsiada

Kliknij tutaj aby rozwiązać quiz!

Ogólne statystyki

  • Ten quiz został rozwiązany 309 razy
  • Średni wynik to 11 z 18

Statystyki odpowiedzi

KontynentOdpowiedź% Poprawnych
Ameryka PłnKanada
86%
EuropaPortugalia
85%
EuropaIrlandia
83%
EuropaWatykan
80%
EuropaSan Marino
78%
EuropaDania
73%
AzjaKorea Południowa
73%
Ameryka PłnDominikana
63%
EuropaMonako
63%
Ameryka PłnHaiti
62%
AfrykaLesotho
58%
OceaniaPapua Nowa Gwinea
57%
AzjaKatar
51%
AzjaSingapur
45%
AzjaTimor Wschodni
44%
AzjaBrunei
41%
AfrykaGambia
34%
AzjaCypr
25%

Rozkład punktacji

Percentyl według liczby udzielonych odpowiedzi

Procent ludzi z każdym wynikiem

Twoja historia wyników

Nie rozwiązałeś tego quizu